000 01146nam a2200217Ia 4500
003 Ost
005 20260507075645.0
008 260507s9999||||xx |||||||||||||| ||und||
040 _cfsecg
041 _aara
082 _a341.4
100 _aلطفي، محمد محمود
_eمؤلف
245 0 _aتسوية منازعات الحدود البحرية /
_c محمد محمود لطفي
260 _aالقاهرة:
_bدار النهضة العربية,
_c2002
300 _a202 صفحة؛
_bإيضاحات ؛
_c24 سم
504 _aالمراجع ص.600
520 _aالحدود البحرية وأسباب منازعاتها- الحدود البحرية للدولة الساحلية- تعيين الحدود البحرية للدولة الساحلية- دوافع منازعات الحدود البحرية- تسوية منازعات الحدود البحرية- تسوية منازعات الحدود البحرية أمام القضاء الدولي- تسوية منازعات الحدود البحرية بواسطة التحكيم
653 _aالحدود البحرية
653 _aالمنازعات
942 _cكتاب
999 _c45468
_d45468